|
|
|
|
| LEADER |
00907nam a2200229ra 4500 |
| 001 |
c000118664 |
| 003 |
CARM |
| 005 |
20010109093822.0 |
| 008 |
001213s1933 sz i000 0 eng d |
| 019 |
1 |
|
|a 22110161
|5 LACONCORD2021
|
| 035 |
|
|
|a (OCoLC)44871986
|5 LACONCORD2021
|
| 040 |
|
|
|a VU
|b eng
|c VU
|
| 245 |
0 |
0 |
|a Public administration :
|b studies in American practice : personnel rating.
|
| 260 |
|
|
|a Geneve :
|b International Management Institute,
|c 1933.
|
| 300 |
|
|
|a xiii, 17 p. ;
|c 31 cm.
|
| 500 |
|
|
|a Cover title.
|
| 650 |
|
0 |
|a Civil service
|z United States
|x Personnel management.
|
| 650 |
|
0 |
|a Government productivity.
|
| 710 |
2 |
|
|a International Management Institute.
|
| 852 |
8 |
|
|b CARM
|h A2:AP03D0
|i D04710
|p 0195262
|f BK
|
| 999 |
f |
f |
|i 9645c8b7-09ad-51f6-b8a9-05bf88a58c8f
|s 4981210c-7ff7-5001-849d-4d4df2cb63e5
|
| 952 |
f |
f |
|p Can circulate
|a CAVAL
|b CAVAL
|c CAVAL
|d CARM 1 Store
|e D04710
|f A2:AP03D0
|h Other scheme
|i book
|m 0195262
|